| 000 | 01103cab a2200313 4500 | ||
|---|---|---|---|
| 001 | ABS59189 | ||
| 008 | 090401t1998 xxu||||| |||| 00| 0 eng d | ||
| 035 | _a(Sirsi) u88202 | ||
| 041 | _aeng | ||
| 245 | _aTaking notice | ||
| 260 | _c1998 | ||
| 350 | _a0 | ||
| 490 |
_aEstates Gazette _v(9832) 8 August 1998, 84-86(3) |
||
| 520 | _aA mainly for Students article which discusses the principal issues concerned with lease renewals. Considers procedures and notices; valuation date and interim rent; tactical considerations; and the tenant`s ability to break. Summarises the provisions of the Act relating to the terms of the new tenancy, and grounds for possession. | ||
| 650 | _aBREAK CLAUSES | ||
| 650 | _aGROUNDS FOR POSSESSION | ||
| 650 | _aINTERIM RENT | ||
| 650 | _aLANDLORD AND TENANT ACT 1954 PART II | ||
| 650 | _aLANDLORDS | ||
| 650 | _aLEASE RENEWALS | ||
| 650 | _aLEASE TERMS | ||
| 650 | _aNOTICES | ||
| 650 | _aPROCEDURES | ||
| 650 | _aTENANTS | ||
| 650 | _aVALUATION DATE | ||
| 690 | _aLANDLORD AND TENANT-BUSINESS TENANCIES | ||
| 942 | _n0 | ||
| 948 | _c28/08/1998 | ||
| 999 |
_c55723 _d55723 |
||